Music Quiz

Random Music or Rock Quiz

Uncommon Singing Duos Quiz Stats

 Plays Quiz Updated Jan 30, 2015

Challenge
Share
Tweet
Score 0/25 Timer 06:00
1 Play Today
% Correct
Justin Timberlake & Michael Jackson
99.1%
Katy Perry & Mick Jagger
97.9%
Mariah Carey & Whitney Houston
95%
Robin Thicke & Miley Cyrus
94.6%
Beyoncé & Tina Turner
94.5%
Justin Bieber & Usher
94.3%
Frank Sinatra & Elvis Presley
94.1%
Billy Joel & Paul McCartney
93.7%
Elton John & John Lennon
92.8%
Willie Nelson & Snoop Dogg
92.4%
Lady Gaga & Yoko Ono
92.3%
Taylor Swift & Ed Sheeran
92.1%
Eminem & Rihanna
91.2%
% Correct
David Bowie & Cher
91.1%
Jay-Z & Alicia Keys
88.4%
Steven Tyler & Carrie Underwood
88.2%
Michael Bublé & Rod Stewart
87.6%
Jon Bon Jovi & Bruce Springsteen
85%
Luciano Pavarotti & James Brown
85%
Ray Charles & Johnny Cash
83.2%
Bruno Mars & Anthony Kiedis
81.7%
Madonna & Lenny Kravitz
80%
Stevie Wonder & Tom Jones
77.2%
Bob Dylan & Paul Simon
75.9%
George Harrison & Eric Clapton
64.6%

You're not logged in!

Compare scores with friends on all Sporcle quizzes.
Join for Free
OR
Log In

You Might Also Like...

Show Comments

Extras

Top Quizzes Today


Score Distribution

Your Account Isn't Verified!

In order to create a playlist on Sporcle, you need to verify the email address you used during registration. Go to your Sporcle Settings to finish the process.

Report this User

Report this user for behavior that violates our Community Guidelines.

Details: